Statistics for Guess the Taylor Swift Song (no hints) 55

Click here to take the quiz!

General Stats

  • This quiz has been taken 61 times
  • The average score is 342 of 395

Answer Stats

Answer% Correct
I
100%
a
98%
A
98%
you
96%
You
96%
be
94%
in
94%
it
94%
me
94%
me,
94%
So
94%
the
94%
when
94%
And
93%
and
93%
is
93%
No
93%
your
93%
You're
93%
you're
93%
he
91%
He
91%
I'm
91%
on
91%
to
91%
that
89%
That
89%
all
87%
never
87%
(Never
87%
now
87%
Now
87%
trouble,
87%
trouble
87%
Trouble,
87%
walked
87%
were
87%
down,
85%
I'd
85%
know
85%
Oh,
85%
oh,
85%
oh
85%
shame
85%
why
85%
been)
83%
been
83%
'Cause
83%
got
83%
hard
83%
her,
83%
I'll
83%
knew
83%
(Knew
83%
Once
83%
or
83%
time,
83%
took
83%
upon
83%
ago
81%
blame
81%
cold
81%
ever
81%
few
81%
found
81%
gone
81%
ground
81%
loved
81%
mistakes
81%
places
81%
see,
81%
see
81%
was
81%
alone
80%
back
80%
he's
80%
lying
80%
there)
80%
'Til
80%
cry
78%
didn't
78%
long
78%
anyone,
76%
from
76%
liked
76%
next
76%
without
76%
Without
76%
(yeah)
76%
yeah
76%
anything,
74%
doesn't
74%
guess
74%
met
74%
realize
74%
care,
72%
comes
72%
He'll
72%
put
72%
reason
72%
step
72%
creeping
70%
drowning,
70%
drowning
70%
fell
70%
new
69%
saddest
69%
street
69%
Flew
67%
heard
67%
sights,
67%
fear
65%
joke
65%
moved
65%
right
65%
apologies.
61%
belt
61%
whispers
61%
notch
57%
Pretends
54%
(Ooh)
52%
hey!
44%

Score Distribution

Percentile by Number Answered

Percent of People with Each Score

Your Score History

You have not taken this quiz